LEADER 01877nam a2200337 i 4500 001 000000191388 003 CaOOAMICUS 005 20250721162512.0 008 100511b2010 it 000 u ita r 020 $a978-88-7870-495-4 040 $aSeMil$bita 245 00$aErudizione e letteratura all'Ambrosiana tra Sette e Ottocento :$batti delle giornate di studio, 22-23 maggio 2009 /$ca cura di Marco Ballarini e Paolo Bartesaghi. 264 1$aMilano :$bBiblioteca Ambrosiana ;$aRoma :$bBulzoni,$c2010. 300 $aX, 250 p. ;$c24 cm. 490 1 $aStudi ambrosiani di italianistica ;$v1 490 1 $aAccademia Ambrosiana. Classe di italianistica 500 $aContiene : Statuto dell'Accademia Ambrosiana (anche in lingua inglese) 650 4$aMilano - Biblioteca Ambrosiana - Letteratura - Sec. 18.-19.$0(OLS)http://semarc/subject/58279 700 1 $aBartesaghi, Paolo.$0(OLS)http://semarc/name/69908 700 1 $aBallarini, Marco,$c.$0(OLS)http://semarc/name/9255 710 2 $aBiblioteca Ambrosiana : Accademia Ambrosiana.$0(OLS)http://semarc/name/87942 830 0$aStudi ambrosiani di italianistica ;$v1.$0(OLS)http://semarc/title/31601 830 0$aAccademia ambrosiana. Classe di italianistica.$0(OLS)http://semarc/title/454018 850 $aSeMil 852 $aSeMil$W1$xVenegono$y1$m1ZA B 1$j259995$B142002$CSeMilBibl$Z2$F154177 $81 961 $aOmaggio: Biblioteca Ambrosiana 996 $6020$a978-88-7870-495-4$9(OLS)http://semarc/number/182465 996 $6245$aErudizione e letteratura all'Ambrosiana tra Sette e Ottocento :$batti delle giornate di studio, 22-23 maggio 2009$9(OLS)http://semarc/title/275765 996 $6264$aMilano :$bBiblioteca Ambrosiana$9(OLS)http://semarc/publisher/29741 996 $6264$aRoma :$bBulzoni$9(OLS)http://semarc/publisher/30302 LEADER 01140nam a2200265 i 4500 001 000000069724 003 CaOOAMICUS 005 20250505140032.0 008 080509s1969 it u000 u ita u 013 $a40896 040 $aSeMil$bita 100 1 $aMarcuse, Herbert,$d<1898-1979>.$0(OLS)http://semarc/name/31710 240 10$aKultur und Gesellschaft.$0(OLS)http://semarc/title/111707 245 10$aCultura e società :$bsaggi di teoria critica 1933-1965 /$cHerbert Marcuse ; [traduzione di Carlo Ascheri ... et al.]. 260 $aTorino :$bEinaudi,$c1969. 300 $aXXV, 299 p. ;$c21 cm. 490 0 $aEinaudi Paperbacks ;$v9 650 4$aSociologia.$0(OLS)http://semarc/subject/3570 700 1 $aAscheri, Carlo.$0(OLS)http://semarc/name/34764 830 0$aEinaudi Paperbacks ;$v9.$0(OLS)http://semarc/title/6898 850 $aSeMil 852 $aSeMil$W1$xVenegono$y1$m2P I 298$j35877$B35877$CSeMilBibl$Z2$F35880 $81 996 $6245$aCultura e società :$bsaggi di teoria critica 1933-1965$9(OLS)http://semarc/title/111706 996 $6260$aTorino :$bEinaudi$9(OLS)http://semarc/publisher/29884